000 00408nam a2200157Ia 4500
008 230917s9999||||xx |||||||||||||| ||und||
040 _e159012
_aMAIN
041 _aEnglish
082 _a954.01 D954P
100 _aDutt, Ramesh Chander
245 0 _aPracheen Bharat ki sabhyata ka itihas
250 _a2nd ed.
260 _aAllahabad
_bItihas Prakashan Sansthan
_c1966
300 _a608 p.
942 _cBK
999 _c101139
_d101139